¿Cómo vivimos las jornadas de protestas en Quetzaltenango?/ Donald Urizar
El texto es un recuento del desarrollo de la movilización social en Quetzaltenango, a partir del caso de defraudación aduanera “La Línea”, que involucraba a altos funcionarios del gobierno de Guatemala. Se concluye, que mediante la movilización generada en Quetzaltenango, se evidencia un despertar c...
保存先:
| 第一著者: | |
|---|---|
| フォーマット: | 図書 |
| 言語: | Spanish |
| 主題: | |
| タグ: |
タグ追加
タグなし, このレコードへの初めてのタグを付けませんか!
|
MARC
| LEADER | 00000nam a22000007a 4500 | ||
|---|---|---|---|
| 003 | cru CIDCACS/IIS | ||
| 005 | 20210311062545.0 | ||
| 007 | ta | ||
| 008 | 171215t2016 gt |||||r|||||||| ||spa|d | ||
| 999 | |c 40758 |d 40758 | ||
| 040 | |c cru CIDCACS/IIS | ||
| 100 | 1 | |9 6278 |a Urizar, Donald | |
| 245 | 1 | |a ¿Cómo vivimos las jornadas de protestas en Quetzaltenango?/ |b Donald Urizar | |
| 300 | |a páginas 65-73: |b fotos | ||
| 520 | |a El texto es un recuento del desarrollo de la movilización social en Quetzaltenango, a partir del caso de defraudación aduanera “La Línea”, que involucraba a altos funcionarios del gobierno de Guatemala. Se concluye, que mediante la movilización generada en Quetzaltenango, se evidencia un despertar ciudadano, que rompió con paradigmas: rostros visibles de participantes en las manifestaciones, la generación de discursos unificadores entre diferentes generaciones, y el uso de plataformas digitales para la educación política de las personas participantes de las acciones colectivas. | ||
| 650 | 0 | |9 3697 |a CRISIS POLITICA | |
| 650 | 4 | |9 1940 |a ESTABILIDAD POLITICA | |
| 650 | 0 | |a MOVIMIENTOS SOCIALES |9 3 | |
| 650 | 0 | |9 3696 |a EDUCACION POLITICA | |
| 650 | 4 | |9 3207 |a PARTICIPACION POLITICA | |
| 650 | 0 | |9 7883 |a CONCIENTIZACION | |
| 650 | 0 | |9 2125 |a PARTICIPACION SOCIAL | |
| 650 | 0 | |9 3639 |a COMPORTAMIENTO POLITICO | |
| 650 | 0 | |a LUCHA POLITICA |9 5432 | |
| 650 | 0 | |9 1035 |a CORRUPCION | |
| 651 | 0 | |9 142 |a GUATEMALA | |
| 773 | 0 | |0 40756 |9 1713 |a Solís Miranda, Regina |d Guatemala: Fundación Friedrich Ebert 2016 |o 18875 |t La fuerza de las plazas: |z 9789929651395 | |
| 942 | |2 ddc |c LI | ||



